Temas controversiales: medios televisivos en la dictadura chilena -1973-1990- como material didáctico para la enseñanza de la Historia
Gorde:
| Egile Nagusiak: | , |
|---|---|
| Formatua: | Liburua |
| Hizkuntza: | gaztelania |
| Argitaratua: |
Santiago
Museo de la Memoria y los Derechos Humanos
2018
|
| Edizioa: | 1a. ed |
| Saila: | Colección Tesis de Memoria
|
| Gaiak: | |
| Etiketak: |
Etiketa erantsi
Etiketarik gabe, Izan zaitez lehena erregistro honi etiketa jartzen!
|
MARC
| LEADER | 00000cam a2200000 a 4500 | ||
|---|---|---|---|
| 001 | UCC9296 | ||
| 003 | CL-VaPUC | ||
| 008 | 190914e20180000cl |||||||||||||||||spa|d | ||
| 020 | |a 9789569144509 | ||
| 082 | 0 | 4 | |a 372.8983 |b AHU |2 21 |
| 100 | 0 | |a Ahumada Fritis, Felipe Hernán |e author |9 604275 | |
| 700 | 0 | |a Guerra Orlando, Nicolás Gastón |e author |9 604276 | |
| 245 | 1 | 0 | |a Temas controversiales: medios televisivos en la dictadura chilena -1973-1990- como material didáctico para la enseñanza de la Historia |
| 250 | |a 1a. ed | ||
| 300 | |a 273 p | ||
| 942 | |c BK | ||
| 945 | |d 20190914 23:07:00 |a dcastane | ||
| 260 | |a Santiago |b Museo de la Memoria y los Derechos Humanos |c 2018 | ||
| 650 | 0 | |a Enseñanza de la historia |9 307330 | |
| 650 | 0 | |a Medios de comunicación de masas |9 257273 | |
| 650 | 0 | |a Historia de Chile siglo 20 |9 268145 | |
| 650 | 0 | |a Dictadura militar |9 389291 | |
| 583 | |a last modification |c 20190914 23:07:00 |k Rodrigo Vera | ||
| 490 | 0 | |a Colección Tesis de Memoria | |
| 999 | |c 375482 |d 375480 | ||
| 952 | |0 0 |1 0 |3 erb |4 0 |6 372_898300000000000_AHU_2018 |7 0 |8 A |9 494470 |a BIBHIS |b BIBHIS |i 5601290 |l 3 |o 372.8983 AHU 2018 |p 5601290 |r 2025-03-25 |s 2025-03-25 |w 2019-11-24 |y BK |z Catalogado en:20190914 |k HIS | ||